ලොව වෙසෙන දරුවන්ගේ තත්ත්වය 1993 (Record no. 2626)

MARC details
000 -LEADER
fixed length control field 005850000a22001570004500
005 - DATE AND TIME OF LATEST TRANSACTION
control field 20240110152541.0
008 - FIXED-LENGTH DATA ELEMENTS--GENERAL INFORMATION
fixed length control field 230817t1993 ||||| |||| 00| 0 eng d
082 ## - DEWEY DECIMAL CLASSIFICATION NUMBER
Classification number 362.71
Item number LOV
942 ## - ADDED ENTRY ELEMENTS (KOHA)
Item Type Reports
245 ## - TITLE STATEMENT
Title ලොව වෙසෙන දරුවන්ගේ තත්ත්වය 1993
246 ## - VARYING FORM OF TITLE
Title Lova vesena daruwange thaththvaya 1993
260 ## - PUBLICATION, DISTRIBUTION, ETC. (IMPRINT)
Place of Publication කොළඹ :
Name of Publisher එක්සත් ජාතීන්ගේ ළමා අරමුදල,
Date of Copyright 1993
300 ## - PHYSICAL DESCRIPTION
Extent පි.53
650 ## - SUBJECT ADDED ENTRY--TOPICAL TERM
Topical Term CHILDREN-Developing countries
650 ## - SUBJECT ADDED ENTRY--TOPICAL TERM
Topical Term Children--Health and hygiene-Developing countries
Holdings
Withdrawn status Lost status Source of classification or shelving scheme Damaged status Not for loan Permanent location Current location Date acquired Total Checkouts Full call number Barcode Date last seen Price effective from Koha item type
    Dewey Decimal Classification     Resource center, Muslim Women's Research And Action Forum Resource center, Muslim Women's Research And Action Forum 2023-08-17   362.71 LOV RAF3595 2023-08-17 2023-08-17 Reports

Copyright © 2023 Muslim Women's Research and Action Forum (MWRAF), No 27/3, Anderson Road, Kalubowila, Dehiwela. Funded by The Asia Fundation